| 000 -LEADER |
| fixed length control field |
00717cam a2200205 a 4500 |
| 020 ## - INTERNATIONAL STANDARD BOOK NUMBER |
| ISBN |
9789251055861 |
| 020 ## - INTERNATIONAL STANDARD BOOK NUMBER |
| ISBN |
9251055866 |
| 040 ## - CATALOGING SOURCE |
| Transcribing agency |
MNU |
| 082 ## - DEWEY DECIMAL CLASSIFICATION NUMBER |
| Classification number |
634 FOO 2007 A091 Or. |
| 245 00 - TITLE STATEMENT |
| Title |
State of the world's forests, 2007. |
| 246 30 - VARYING FORM OF TITLE |
| Title proper/short title |
World's forests 2007 |
| 260 ## - PUBLICATION, DISTRIBUTION, ETC. (IMPRINT) |
| Place of publication |
Rome : |
| Name of publisher |
Food and Agriculture Organization of the United Nations, |
| Year of publication |
2007. |
| 300 ## - PHYSICAL DESCRIPTION |
| Number of Pages |
xi, 144 p. : |
| Other physical details |
col. ill. ; |
| Dimensions |
30 cm. |
| 650 #0 - SUBJECT ADDED ENTRY--TOPICAL TERM |
| Topical Term |
Forest policy. |
| 650 #0 - SUBJECT ADDED ENTRY--TOPICAL TERM |
| Topical Term |
Forest management. |
| 650 #0 - SUBJECT ADDED ENTRY--TOPICAL TERM |
| Topical Term |
Forests and forestry. |
| 710 2# - ADDED ENTRY--CORPORATE NAME |
| Corporate name or jurisdiction name as entry element |
Food and Agriculture Organization of the United Nations. |
| 856 41 - ELECTRONIC LOCATION AND ACCESS |
| Uniform Resource Identifier |
http://www.fao.org/forestry/foris/webview/forestry2/index.jsp?siteId=3321&sitetreeId=10107&langId=1&geoId=0 |
| 942 ## - ADDED ENTRY ELEMENTS (KOHA) |
| Koha item type |
សៀវភៅភាសាអង់គ្លេស |
| 952 ## - LOCATION AND ITEM INFORMATION (KOHA) |
| Withdrawn status [LOCAL, KOHA] |
0 |